[Event "Louviers op 12th"]
[Site "Louviers"]
[Date "2009.05.30"]
[Round "1"]
[White "De Saint Jores, Clement"]
[Black "Biyidi, Thomas"]
[Result "0-1"]
[WhiteElo "1299"]
[BlackElo "1873"]
[PlyCount "66"]
[EventDate "2009.05.30"]
[EventType "swiss"]
[EventRounds "6"]
[EventCountry "FRA"]
[SourceTitle "EXT 2011"]
[Source "ChessBase"]
[SourceDate "2010.11.26"]
[SourceVersion "1"]
[SourceVersionDate "2010.11.26"]
[SourceQuality "1"]

1. e4 c5 2. d3 d6 3. Nf3 Nc6 4. Nc3 Nf6 5. Be2 g6 6. 0-0 Bg7 7. Nd5 0-0 8. Nxf6+ exf6 9. Bf4 f5 10. Bg5 f6 11. Bh4 g5 12. Bxg5 fxg5 13. exf5 Bxb2 14. Rb1 Bg7 15. g4 Bf6 16. Qd2 Kg7 17. c3 h5 18. gxh5 Bxf5 19. Rxb7+ Rf7 20. Rxf7+ Kxf7 21. d4 g4 22. Ng5+ Bxg5 23. f4 Bf6 24. dxc5 dxc5 25. Qb2 Rb8 26. Qa3 Qe7 27. Re1 Qe3+ 28. Kf1 Qh3+ 29. Kf2 Bh4+ 30. Kg1 Qe3+ 31. Kf1 Qxf4+ 32. Kg2 Be4+ 33. Kg1 Qf2# 0-1